Countries by Population - Statistics

General Stats
  • This quiz has been taken 14 times
  • The average score is 38 of 50
Answer Stats
# Continent Population Country % Correct
7 South America 211 Million Brazil
100%
2 Asia 1.42 Billion China
100%
10 Africa 132 Million Ethiopia
100%
1 Asia 1.45 Billion India
100%
11 North America 130 Million Mexico
100%
6 Africa 232 Million Nigeria
100%
5 Asia 251 Million Pakistan
100%
3 North America 345 Million USA
100%
35 South America 45 Million Argentina
93%
15 Africa 109 Million DR Congo
93%
13 Africa 116 Million Egypt
93%
4 Asia 283 Million Indonesia
93%
29 Asia 51 Million South Korea
93%
18 Asia 87 Million Turkey
93%
8 Asia 173 Million Bangladesh
86%
19 Europe 84 Million Germany
86%
17 Asia 91 Million Iran
86%
12 Asia 123 Million Japan
86%
9 Europe 144 Million Russia
86%
20 Asia 71 Million Thailand
86%
33 Africa 46 Million Algeria
79%
38 North America 39 Million Canada
79%
23 Europe 66 Million France
79%
34 Asia 46 Million Iraq
79%
25 Europe 59 Million Italy
79%
26 Africa 56 Million Kenya
79%
44 Asia 35 Million Malaysia
79%
27 Asia 54 Million Myanmar
79%
22 Africa 68 Million Tanzania
79%
21 Europe 69 Million United Kingdom
79%
28 South America 52 Million Colombia
71%
40 Africa 38 Million Morocco
71%
24 Asia 64 Million Saudi Arabia
71%
48 Asia 33 Million Saudi Arabia
71%
32 Europe 47 Million Spain
71%
30 Africa 50 Million Sudan
71%
42 Europe 37 Million Ukraine
71%
16 Asia 100 Million Vietnam
71%
47 South America 34 Million Peru
64%
39 Europe 38 Million Poland
64%
31 Africa 50 Million Uganda
64%
41 Africa 37 Million Angola
57%
49 Africa 31 Million Madagascar
57%
36 Asia 42 Million Afghanistan
50%
45 Africa 34 Million Mozambique
50%
37 Asia 40 Million Yemen
50%
46 Africa 34 Million Ghana
43%
14 Asia 115 Million Philipines
43%
50 Africa 31 Million Cote d'Ivoire
29%
43 Asia 36 Million Uzbekistan
29%
No matching quizzes found
Score Distribution
Percent of People with Each Score
Percentile by Number Answered
Your Score History
You have not taken this quiz